にんべんの教育漢字 - Statistics

General Stats
  • This quiz has been taken 269 times
  • The average score is 13 of 46
Answer Stats
学年 総画数 % Correct
小2 7
80%
小1 6
75%
小6 4
68%
小3 5
48%
小2 7
41%
小4 6
40%
小3 4
39%
小4 7
38%
小3 5
37%
小4 5
36%
小5 10
36%
小5 9
35%
小2 7
34%
小3 7
34%
小3 8 使
34%
小4 9
34%
小4 11
34%
小3 5
33%
小4 7
33%
小5 4
31%
小5 6
31%
小6 17
31%
小5 6
30%
小4 6
29%
小5 7
29%
小4 13
25%
小5 6
24%
小3 9
23%
小4 10
22%
小5 8
22%
小6 10
22%
小6 8
21%
小5 10
19%
小3 6
17%
小4 10
17%
小4 15
17%
小4 7
15%
小4 8
14%
小4 11
14%
小4 9 便
12%
小5 14
11%
小6 10
11%
小5 11
10%
小5 12
10%
小6 13
10%
小6 10
9%
No matching quizzes found
Score Distribution
Percent of People with Each Score
Percentile by Number Answered
Your Score History
You have not taken this quiz